| 000 | 00795nam a2200217 a 4500 | ||
|---|---|---|---|
| 001 | 667 | ||
| 003 | CDMR | ||
| 005 | 20130723115812.0 | ||
| 008 | 130130s1995||||||||||||||||||||||||||||d | ||
| 020 | _a0861964756 | ||
| 040 |
_aCDMR _bcat _cCPC LLEIDA |
||
| 245 | 0 | 0 |
_aDecentralization in the global era _b: television in the regions, nationalities and small countries of European Union _cedited by Miquel de Moragas Spà and Carmelo Garitaonandía |
| 260 |
_aLondon _c1995 _bJohn Libbey |
||
| 300 | _a234 p. | ||
| 500 | _aA la coberta: Generalitat de Catalunya. Centre d'Investigació de la Comunicació | ||
| 650 | 0 | 4 |
_93711 _aTelevisió _zEuropa |
| 650 | 0 | 4 |
_93092 _aIndústria audiovisual |
| 700 | 1 |
_9475 _aMoragas Spà, Miquel de |
|
| 700 | 1 |
_91718 _aGaritaonandia, Carmelo _eeds. |
|
| 942 |
_cMON _2udc |
||
| 999 |
_c667 _d667 |
||